[Event "Asuncion 1st"]
[Site "Asuncion"]
[Date "2002.04.10"]
[Round "3"]
[White "Cubas, Jose Fernando"]
[Black "Gamarra Caceres, Carlos"]
[Result "0-1"]
[WhiteElo "2369"]
[BlackElo "2278"]
[PlyCount "41"]
[EventDate "2002.04.08"]
[EventType "tourn"]
[EventRounds "11"]
[EventCountry "PAR"]
[EventCategory "4"]
[SourceTitle "CBM 087 Extra"]
[Source "ChessBase"]
[SourceDate "2002.05.03"]
[SourceVersion "2"]
[SourceVersionDate "2002.08.09"]
[SourceQuality "1"]

1. e4 d5 2. exd5 Nf6 3. d4 Bg4 4. Be2 Bxe2 5. Qxe2 Qxd5 6. Nf3 e6 7. O-O Nc6 8.
c4 Nxd4 9. Nxd4 Qxd4 10. Rd1 Qg4 11. f3 Bc5+ 12. Kh1 Qh4 13. g3 Qh3 14. Bf4 Rc8
15. Nc3 O-O 16. g4 c6 17. Na4 Be7 18. Rg1 b5 19. Rg3 Qh4 20. Qg2 Nh5 21. gxh5
0-1

[Event "Asuncion 1st"]
[Site "Asuncion"]
[Date "2002.04.11"]
[Round "4"]
[White "Dumont, Sadi Glasser"]
[Black "Cubas, Jose Fernando"]
[Result "0-1"]
[WhiteElo "2367"]
[BlackElo "2369"]
[PlyCount "58"]
[EventDate "2002.04.08"]
[EventType "tourn"]
[EventRounds "11"]
[EventCountry "PAR"]
[EventCategory "4"]
[SourceTitle "CBM 087 Extra"]
[Source "ChessBase"]
[SourceDate "2002.05.03"]
[SourceVersion "2"]
[SourceVersionDate "2002.08.09"]
[SourceQuality "1"]

1. e4 d5 2. exd5 Nf6 3. Nf3 Nxd5 4. d4 Bf5 5. Be2 e6 6. O-O Be7 7. a3 O-O 8. c4
Nb6 9. Nc3 Bf6 10. h3 h6 11. Be3 Nc6 12. b4 e5 13. d5 e4 14. Nd4 Nxd4 15. Bxd4
c6 16. f3 e3 17. Rc1 Re8 18. Bxf6 Qxf6 19. Qb3 Rad8 20. f4 cxd5 21. cxd5 Be4
22. Rcd1 Qg6 23. Nxe4 Qxe4 24. f5 Qe5 25. d6 Rxd6 26. Rxd6 Qxd6 27. f6 g6 28.
Qc3 Nd7 29. Bb5 e2 0-1

[Event "Asuncion 1st"]
[Site "Asuncion"]
[Date "2002.04.13"]
[Round "6"]
[White "Valiente, Cristobal"]
[Black "Cubas, Jose Fernando"]
[Result "1/2-1/2"]
[WhiteElo "2331"]
[BlackElo "2369"]
[PlyCount "126"]
[EventDate "2002.04.08"]
[EventType "tourn"]
[EventRounds "11"]
[EventCountry "PAR"]
[EventCategory "4"]
[SourceTitle "CBM 087 Extra"]
[Source "ChessBase"]
[SourceDate "2002.05.03"]
[SourceVersion "2"]
[SourceVersionDate "2002.08.09"]
[SourceQuality "1"]

1. d4 d5 2. Nf3 Nf6 3. c4 c6 4. Qc2 g6 5. g3 Bf5 6. Qb3 Qb6 7. Nc3 Na6 8. cxd5
Qxb3 9. axb3 Nb4 10. Ra5 Nbxd5 11. Bg2 e6 12. Bd2 Bc2 13. O-O Bxb3 14. e4 Nb6
15. Bg5 Nfd7 16. Nd2 Bc4 17. Rc1 Bb4 18. Raa1 O-O 19. Nxc4 Nxc4 20. Na2 Bd2 21.
Bxd2 Nxd2 22. Rc3 Nb6 23. b3 Rfd8 24. Rd3 Rxd4 25. Rxd4 Nxb3 26. Rdd1 Nxa1 27.
Rxa1 Kf8 28. Kf1 Ke7 29. Nb4 a5 30. Nd3 Kd6 31. e5+ Kc7 32. Ke2 Nd5 33. f4 b5
34. Bxd5 cxd5 35. g4 Kb6 36. Kd2 Rc8 37. f5 gxf5 38. gxf5 exf5 39. Nf4 Rc5 40.
Rf1 a4 41. Nd3 Rc7 42. Rxf5 Ka5 43. Rf4 a3 44. Nc1 b4 45. Rd4 Rc4 46. Rxd5+ Kb6
47. Rd7 Rf4 48. Kc2 Rf2+ 49. Kb3 Rb2+ 50. Ka4 Rb1 51. Na2 b3 52. Kxa3 bxa2 53.
Kxa2 Rf1 54. Kb3 Kc5 55. Kc3 h5 56. Kd2 Rf5 57. Ke3 h4 58. e6 fxe6 59. Rh7 Kd5
60. Rxh4 e5 61. Rh8 Rf6 62. h4 Ke6 63. h5 Kf5 1/2-1/2

[Event "Asuncion 1st"]
[Site "Asuncion"]
[Date "2002.04.15"]
[Round "7"]
[White "Cubas, Jose Fernando"]
[Black "Dorin, Mauricio"]
[Result "1-0"]
[WhiteElo "2369"]
[BlackElo "2389"]
[PlyCount "133"]
[EventDate "2002.04.08"]
[EventType "tourn"]
[EventRounds "11"]
[EventCountry "PAR"]
[EventCategory "4"]
[SourceTitle "CBM 087 Extra"]
[Source "ChessBase"]
[SourceDate "2002.05.03"]
[SourceVersion "2"]
[SourceVersionDate "2002.08.09"]
[SourceQuality "1"]

1. e4 c5 2. f4 e6 3. Nf3 d5 4. Nc3 dxe4 5. Nxe4 Nf6 6. Bb5+ Bd7 7. Bxd7+ Nbxd7
8. d3 Be7 9. Qe2 Qb6 10. c4 O-O 11. O-O Rfe8 12. Bd2 Nxe4 13. dxe4 Qxb2 14.
Rab1 Qa3 15. Rxb7 Rad8 16. Bc1 Qa6 17. Rb5 Nb6 18. Qc2 Rb8 19. Ne5 Bf6 20. Bb2
Rbc8 21. Qb3 Bxe5 22. Bxe5 f6 23. Bb2 Qb7 24. Re1 Qc7 25. e5 f5 26. a4 Rb8 27.
a5 Nd7 28. Rd1 Nf8 29. Ba3 Rxb5 30. Qxb5 Rc8 31. Rd6 h6 32. h3 Kf7 33. a6 Kg8
34. Kh2 Kf7 35. Rd3 Kg8 36. Qb7 Qc6 37. Qxa7 Qe4 38. Rg3 g5 39. fxg5 f4 40. Rg4
h5 41. g6 Qf5 42. Qf7+ Qxf7 43. gxf7+ Kxf7 44. Rxf4+ Kg7 45. Rf6 Ra8 46. a7 h4
47. Bc1 Ng6 48. Rxe6 Rxa7 49. Rc6 Ra1 50. Bg5 Re1 51. Rxc5 Kf7 52. Bf6 Ke6 53.
Rc6+ Kf5 54. Bg7 Kg5 55. Rd6 Re4 56. c5 Kh5 57. c6 Ne7 58. Bf6 Nf5 59. Rd5 Ne3
60. Rc5 Nf1+ 61. Kg1 Ng3 62. Rc2 Rf4 63. Rf2 Rc4 64. Kh2 Rxc6 65. Bxh4 Ne4 66.
Rf4 Nc5 67. Rc4 1-0

[Event "Asuncion 1st"]
[Site "Asuncion"]
[Date "2002.04.16"]
[Round "8"]
[White "Sosa Harrison, Jorge"]
[Black "Cubas, Jose Fernando"]
[Result "1-0"]
[WhiteElo "2285"]
[BlackElo "2369"]
[PlyCount "127"]
[EventDate "2002.04.08"]
[EventType "tourn"]
[EventRounds "11"]
[EventCountry "PAR"]
[EventCategory "4"]
[SourceTitle "CBM 087 Extra"]
[Source "ChessBase"]
[SourceDate "2002.05.03"]
[SourceVersion "2"]
[SourceVersionDate "2002.08.09"]
[SourceQuality "1"]

1. Nf3 d5 2. b3 Nf6 3. Bb2 Bf5 4. g3 e6 5. Bg2 h6 6. d3 Be7 7. Nbd2 O-O 8. O-O
c5 9. Ne5 Nbd7 10. e4 Bh7 11. Nxd7 Qxd7 12. e5 Ne8 13. f4 Nc7 14. Qf3 b5 15. a4
c4 16. bxc4 bxc4 17. g4 Rab8 18. Bd4 f5 19. exf6 Bxf6 20. Qe3 cxd3 21. cxd3 Rb4
22. Bxf6 Rxf6 23. Qxa7 Bxd3 24. Rfc1 Rf7 25. Nf3 Rbxf4 26. Ne5 Qd6 27. Nxd3
Rxg4 28. Qe3 Rf5 29. Qc5 Qa6 30. Nf2 Rg6 31. Ra2 Rf7 32. Qe3 Qa5 33. Nd3 Rg5
34. Rac2 e5 35. Nxe5 d4 36. Qb3 Rxe5 37. Rf1 Ree7 38. Rxc7 Rxc7 39. Bd5 Qc5 40.
Bxf7+ Kh8 41. Qd5 d3+ 42. Qxc5 Rxc5 43. Bb3 d2 44. Bd1 g5 45. Kf2 Kg7 46. Ke3
Rd5 47. Rf2 h5 48. Rxd2 Ra5 49. Kd4 Kf6 50. Kc4 g4 51. Kb4 Ra8 52. Rd5 Rb8+ 53.
Rb5 Rd8 54. Bb3 h4 55. Bd5 g3 56. hxg3 hxg3 57. Kc4 Ke5 58. Bg2+ Kf4 59. Rb2
Rc8+ 60. Kb3 Ke3 61. a5 Kd4 62. a6 Rc7 63. Ka4 Kc3 64. Rb3+ 1-0

[Event "Asuncion 1st"]
[Site "Asuncion"]
[Date "2002.04.17"]
[Round "9"]
[White "Cubas, Jose Fernando"]
[Black "Franco Ocampos, Zenon"]
[Result "1/2-1/2"]
[WhiteElo "2369"]
[BlackElo "2510"]
[PlyCount "74"]
[EventDate "2002.04.08"]
[EventType "tourn"]
[EventRounds "11"]
[EventCountry "PAR"]
[EventCategory "4"]
[SourceTitle "CBM 087 Extra"]
[Source "ChessBase"]
[SourceDate "2002.05.03"]
[SourceVersion "2"]
[SourceVersionDate "2002.08.09"]
[SourceQuality "1"]

1. e4 g6 2. h4 h5 3. Bc4 Bg7 4. d4 d6 5. Nh3 c6 6. Nc3 b5 7. Bb3 Bxh3 8. Rxh3
Nd7 9. a4 b4 10. Ne2 Ngf6 11. Qd3 O-O 12. e5 dxe5 13. Qxg6 e6 14. Qg5 Nh7 15.
Qxh5 exd4 16. Rg3 Ndf6 17. Qe5 Kh8 18. h5 Ng4 19. Qe4 Nh6 20. Bd2 c5 21. O-O-O
Nf5 22. Rxg7 Nxg7 23. h6 Ne8 24. Qe5+ Qf6 25. Qxc5 Qxf2 26. Nf4 Nef6 27. Qxb4
Qg3 28. Qb7 Rab8 29. Qe7 Ne4 30. Rf1 Nxd2 31. Kxd2 Qe3+ 32. Kd1 Rxb3 33. Ng6+
Kg8 34. Nxf8 Rd3+ 35. cxd3 Qxd3+ 36. Ke1 Qe3+ 37. Kd1 Qd3+ 1/2-1/2

[Event "Sao Paulo-ch fin"]
[Site "Serra Negra"]
[Date "2002.??.??"]
[Round "?"]
[White "Cubas, Jose Fernando"]
[Black "Borges, Leomar Barbero"]
[Result "1-0"]
[WhiteElo "2369"]
[BlackElo "2227"]
[PlyCount "49"]
[EventDate "2002.05.30"]
[EventType "swiss"]
[EventRounds "9"]
[EventCountry "BRA"]
[SourceTitle "CBM 088 Extra"]
[Source "ChessBase"]
[SourceDate "2002.07.01"]
[SourceVersion "2"]
[SourceVersionDate "2002.07.01"]
[SourceQuality "1"]

1. e4 Nf6 2. Nc3 d5 3. exd5 Nxd5 4. Qf3 c6 5. Bc4 e6 6. Nge2 Be7 7. d4 O-O 8.
O-O Nd7 9. Bb3 a5 10. a4 b6 11. Re1 Bb7 12. Nxd5 cxd5 13. Qg3 Nf6 14. Bh6 Ne8
15. Bf4 Bd6 16. c3 Ba6 17. Bxd6 Nxd6 18. Nf4 Ne4 19. Qe3 Qd7 20. Bc2 Nd6 21.
Qh3 Nf5 22. Re5 g6 23. Bxf5 gxf5 24. Qh6 Rac8 25. Qg5+ 1-0

[Event "Sao Paulo-ch fin"]
[Site "Serra Negra"]
[Date "2002.??.??"]
[Round "?"]
[White "Cubas, Jose Fernando"]
[Black "Frare, Fernando Cesar"]
[Result "1-0"]
[WhiteElo "2369"]
[BlackElo "2247"]
[PlyCount "77"]
[EventDate "2002.05.30"]
[EventType "swiss"]
[EventRounds "9"]
[EventCountry "BRA"]
[SourceTitle "CBM 088 Extra"]
[Source "ChessBase"]
[SourceDate "2002.07.01"]
[SourceVersion "2"]
[SourceVersionDate "2002.07.01"]
[SourceQuality "1"]

1. e4 c5 2. Nf3 d6 3. d4 cxd4 4. Nxd4 Nf6 5. f3 e6 6. c4 a6 7. Nc3 Be7 8. Be3
Nbd7 9. Be2 Qc7 10. O-O b6 11. Qe1 O-O 12. Rc1 Bb7 13. Qf2 Rab8 14. Rfd1 Rfc8
15. h3 Qd8 16. Nc2 Ne8 17. Rd2 Bf6 18. Nd4 Qe7 19. Qf1 g6 20. Rcd1 Rc7 21. Na4
Ba8 22. Qf2 Nc5 23. Nc3 Qf8 24. b4 Nd7 25. Na4 Ne5 26. Qf1 d5 27. Nc2 Nxc4 28.
Bxc4 Rxc4 29. Nxb6 Rxc2 30. Rxc2 Qxb4 31. Nxa8 Rxa8 32. exd5 exd5 33. Rxd5 Ng7
34. Bf2 Ne6 35. Qc4 Qb1+ 36. Rc1 Qb2 37. Re1 Qb7 38. Rd6 a5 39. Rdxe6 1-0

[Event "Sao Paulo-ch fin"]
[Site "Serra Negra"]
[Date "2002.??.??"]
[Round "?"]
[White "Cubas, Jose Fernando"]
[Black "Gerbelli Neto, Eduardo"]
[Result "0-1"]
[WhiteElo "2369"]
[BlackElo "2157"]
[PlyCount "112"]
[EventDate "2002.05.30"]
[EventType "swiss"]
[EventRounds "9"]
[EventCountry "BRA"]
[SourceTitle "CBM 088 Extra"]
[Source "ChessBase"]
[SourceDate "2002.07.01"]
[SourceVersion "2"]
[SourceVersionDate "2002.07.01"]
[SourceQuality "1"]

1. e4 e5 2. d4 exd4 3. Qxd4 Nc6 4. Qe3 Nf6 5. Nc3 Bb4 6. Bd2 O-O 7. O-O-O Re8
8. Qg3 d6 9. f3 Be6 10. a3 Bc5 11. h4 Nh5 12. Qh2 Ne5 13. Be2 Bc4 14. g4 Bxe2
15. Ncxe2 Nf6 16. h5 Nc4 17. Bf4 Nd7 18. g5 f6 19. Qg3 Qe7 20. Nc3 fxg5 21.
Bxg5 Qf7 22. Nge2 b5 23. Rd5 Re5 24. f4 Rxd5 25. Nxd5 Ndb6 26. Nec3 Nxd5 27.
Nxd5 Re8 28. Qd3 c6 29. Nc3 h6 30. Bh4 Qxf4+ 31. Kb1 Qf3 32. Qxf3 Nd2+ 33. Kc1
Nxf3 34. Bg3 a5 35. Rd1 Re6 36. Rd3 Ne5 37. Rd1 Nf3 38. Rf1 Nd4 39. Re1 b4 40.
axb4 Bxb4 41. e5 Nf3 42. Re3 Nxe5 43. Kd1 Kf7 44. Ne2 Nc4 45. Rb3 Ne3+ 46. Kc1
Nf5 47. Rf3 Rxe2 48. Rxf5+ Ke6 49. Rf3 Rg2 50. Kd1 Bc5 51. Kc1 Rg1+ 52. Kd2 Rh1
53. Rf4 Rxh5 54. Re4+ Kf6 55. c3 Rd5+ 56. Ke2 g5 0-1

[Event "Sao Paulo-ch fin"]
[Site "Serra Negra"]
[Date "2002.??.??"]
[Round "?"]
[White "Cubas, Jose Fernando"]
[Black "Sega, Carlos Alberto"]
[Result "1-0"]
[WhiteElo "2369"]
[BlackElo "2326"]
[PlyCount "55"]
[EventDate "2002.05.30"]
[EventType "swiss"]
[EventRounds "9"]
[EventCountry "BRA"]
[SourceTitle "CBM 088 Extra"]
[Source "ChessBase"]
[SourceDate "2002.07.01"]
[SourceVersion "2"]
[SourceVersionDate "2002.07.01"]
[SourceQuality "1"]

1. e4 e5 2. d4 exd4 3. Qxd4 Nc6 4. Qe3 Nf6 5. Nc3 Bb4 6. Bd2 O-O 7. O-O-O Re8
8. Qg3 d6 9. f3 Qe7 10. Nge2 Ne5 11. Nf4 c6 12. Kb1 a5 13. h4 b5 14. h5 Nc4 15.
Bxc4 bxc4 16. h6 g6 17. Nfe2 Rb8 18. Ka1 Qb7 19. Rb1 Be6 20. Bf4 Qc7 21. Rhd1
Nh5 22. Bxd6 Nxg3 23. Bxc7 Nxe2 24. Nxe2 Rb7 25. Bd6 f6 26. c3 Bxd6 27. Rxd6
Rc7 28. Nd4 1-0

[Event "Sao Paulo-ch fin"]
[Site "Serra Negra"]
[Date "2002.??.??"]
[Round "?"]
[White "Da Silva, Alessandro Rodrigue"]
[Black "Cubas, Jose Fernando"]
[Result "0-1"]
[WhiteElo "2134"]
[BlackElo "2369"]
[PlyCount "116"]
[EventDate "2002.05.30"]
[EventType "swiss"]
[EventRounds "9"]
[EventCountry "BRA"]
[SourceTitle "CBM 088 Extra"]
[Source "ChessBase"]
[SourceDate "2002.07.01"]
[SourceVersion "2"]
[SourceVersionDate "2002.07.01"]
[SourceQuality "1"]

1. f4 c5 2. e4 d5 3. exd5 Nf6 4. Nf3 Nxd5 5. d4 cxd4 6. Bb5+ Bd7 7. Bxd7+ Qxd7
8. Ne5 Qe6 9. O-O Nc6 10. Nxc6 Qxc6 11. Qxd4 e6 12. Qe4 Rc8 13. c3 Bc5+ 14. Kh1
O-O 15. Re1 Rfd8 16. Nd2 Nf6 17. Qe2 Rc7 18. Nb3 Rcd7 19. Nxc5 Qxc5 20. Be3 Qc7
21. Rad1 Nd5 22. f5 Nxe3 23. Rxd7 Qxd7 24. Qxe3 exf5 25. Qxa7 Qd2 26. Rb1 Qc2
27. Qg1 Rd2 28. Re1 g6 29. Qe3 Rxg2 30. Qe8+ Kg7 31. Qe5+ Kg8 32. Qe8+ Kg7 33.
Qe5+ f6 34. Qc7+ Kh6 35. Re7 Rg4 36. Rxh7+ Kg5 37. h4+ Rxh4+ 38. Rxh4 Kxh4 39.
Qh7+ Kg5 40. Qxb7 Kf4 41. Qg2 Qd1+ 42. Kh2 g5 43. Qf2+ Ke4 44. Qd4+ Qxd4 45.
cxd4 f4 46. a4 Kxd4 47. a5 Kc5 48. b4+ Kb5 49. Kh3 f3 50. Kg3 g4 51. Kf2 f5 52.
Kg3 f4+ 53. Kf2 Ka6 54. Kf1 g3 55. Kg1 Kb5 56. Kf1 f2 57. Kg2 f3+ 58. Kf1 Kc4
0-1

[Event "Sao Paulo-ch fin"]
[Site "Serra Negra"]
[Date "2002.??.??"]
[Round "?"]
[White "Leitao, Rafael Duailibe"]
[Black "Cubas, Jose Fernando"]
[Result "1/2-1/2"]
[WhiteElo "2558"]
[BlackElo "2369"]
[PlyCount "47"]
[EventDate "2002.05.30"]
[EventType "swiss"]
[EventRounds "9"]
[EventCountry "BRA"]
[SourceTitle "CBM 088 Extra"]
[Source "ChessBase"]
[SourceDate "2002.07.01"]
[SourceVersion "2"]
[SourceVersionDate "2002.07.01"]
[SourceQuality "1"]

1. e4 d5 2. exd5 Nf6 3. d4 Bg4 4. Nf3 Qxd5 5. Be2 Nc6 6. h3 Bxf3 7. Bxf3 Qe6+
8. Be3 O-O-O 9. O-O Qd6 10. c3 e5 11. Na3 e4 12. Bg4+ Kb8 13. Nc4 Qd5 14. Be2
Qe6 15. Bd2 Bd6 16. b4 g5 17. Nxd6 cxd6 18. b5 Ne7 19. c4 Rhe8 20. Rc1 Nf5 21.
d5 Qe7 22. Bg4 Nxg4 23. Qxg4 Nh4 24. Qe2 1/2-1/2

[Event "Sao Paulo-ch fin"]
[Site "Serra Negra"]
[Date "2002.??.??"]
[Round "?"]
[White "Pelikian, Jefferson"]
[Black "Cubas, Jose Fernando"]
[Result "1/2-1/2"]
[WhiteElo "2403"]
[BlackElo "2369"]
[PlyCount "85"]
[EventDate "2002.05.30"]
[EventType "swiss"]
[EventRounds "9"]
[EventCountry "BRA"]
[SourceTitle "CBM 088 Extra"]
[Source "ChessBase"]
[SourceDate "2002.07.01"]
[SourceVersion "2"]
[SourceVersionDate "2002.07.01"]
[SourceQuality "1"]

1. e4 d5 2. exd5 Nf6 3. Nc3 Nxd5 4. Bc4 c6 5. Qf3 e6 6. Nge2 Be7 7. d4 O-O 8.
O-O Nd7 9. Ng3 N7f6 10. Nce4 b6 11. c3 Bb7 12. Nxf6+ Nxf6 13. Bf4 Qc8 14. Qe2
c5 15. Be5 cxd4 16. Bxd4 Qc6 17. f3 Bc5 18. Bxc5 Qxc5+ 19. Kh1 Rad8 20. Rad1 h6
21. Bb3 Bd5 22. c4 Bb7 23. Bc2 Rc8 24. b3 b5 25. Bd3 bxc4 26. Bxc4 Bd5 27. Rc1
Qa3 28. Rc2 Rc5 29. Bxd5 Nxd5 30. Rxc5 Qxc5 31. Ne4 Qc7 32. Qc4 Qa5 33. Ra1 Rd8
34. a3 Nb6 35. Qc5 Qa6 36. h3 Rc8 37. Qd6 Qe2 38. Qe5 Rc2 39. Rg1 Kh7 40. Qh5
Kg8 41. Qe5 Kh7 42. Qh5 Kg8 43. Qe5 1/2-1/2

[Event "Sao Paulo-ch fin"]
[Site "Serra Negra"]
[Date "2002.??.??"]
[Round "?"]
[White "Rodriguez Vila, Andres"]
[Black "Cubas, Jose Fernando"]
[Result "1-0"]
[WhiteElo "2467"]
[BlackElo "2369"]
[PlyCount "89"]
[EventDate "2002.05.30"]
[EventType "swiss"]
[EventRounds "9"]
[EventCountry "BRA"]
[SourceTitle "CBM 088 Extra"]
[Source "ChessBase"]
[SourceDate "2002.07.01"]
[SourceVersion "2"]
[SourceVersionDate "2002.07.01"]
[SourceQuality "1"]

1. e4 d5 2. exd5 Nf6 3. d4 Bg4 4. Bb5+ Nbd7 5. Be2 Bxe2 6. Qxe2 Nxd5 7. c4 N5f6
8. Nc3 g6 9. Bf4 Nh5 10. Bg5 h6 11. Bh4 Ndf6 12. O-O-O g5 13. Bg3 Nxg3 14. hxg3
Bg7 15. Nf3 O-O 16. Ne5 c5 17. d5 Qc8 18. f4 Qf5 19. Rdf1 g4 20. Re1 Rfe8 21.
Rh4 h5 22. Qd3 e6 23. Qxf5 exf5 24. Rhh1 Rad8 25. Re2 a6 26. Rhe1 Re7 27. Nxg4
Rxe2 28. Nxf6+ Bxf6 29. Rxe2 Kf8 30. Kd2 Re8 31. Rxe8+ Kxe8 32. Nd1 Bd4 33. Kd3
Ke7 34. b3 Kf6 35. a4 a5 36. Ke2 Ke7 37. Ne3 Kf6 38. Nc2 Bc3 39. Kf2 Bd2 40.
Kg1 Bc3 41. Kh2 Ke7 42. Kh3 Bd4 43. Kh4 Bf2 44. Kxh5 Bxg3 45. Kg5 1-0

[Event "Magistral Vince Toth 4th"]
[Site "Rio de Janeiro"]
[Date "2002.08.06"]
[Round "1"]
[White "Cubas, Jose Fernando"]
[Black "Molina, Jorge"]
[Result "1/2-1/2"]
[WhiteElo "2370"]
[BlackElo "2292"]
[PlyCount "83"]
[EventDate "2002.08.06"]
[EventType "tourn"]
[EventRounds "11"]
[EventCountry "BRA"]
[EventCategory "4"]
[SourceTitle "CBM 089 Extra"]
[Source "ChessBase"]
[SourceDate "2002.09.10"]
[SourceVersion "2"]
[SourceVersionDate "2002.09.10"]
[SourceQuality "1"]

1. e4 c6 2. d4 d5 3. e5 c5 4. dxc5 e6 5. Be3 Nh6 6. c3 Nf5 7. Bd4 Bd7 8. Nf3
Nc6 9. Bd3 Nfxd4 10. cxd4 b6 11. Nc3 bxc5 12. dxc5 Bxc5 13. O-O Qb8 14. Rc1 Be7
15. Qe2 O-O 16. a3 a5 17. Nb5 Rc8 18. Rc2 Na7 19. Nbd4 Rxc2 20. Qxc2 g6 21. Rc1
Qd8 22. Qc7 Rc8 23. Qxd8+ Bxd8 24. Rxc8 Nxc8 25. b4 axb4 26. axb4 Bb6 27. Kf1
Kf8 28. g4 h6 29. h4 Ne7 30. b5 Nc8 31. Ke2 Ke8 32. Nb3 Kd8 33. h5 gxh5 34.
gxh5 Ke7 35. Nbd4 Na7 36. Kd2 f6 37. Kc3 fxe5 38. Nxe5 Bxd4+ 39. Kxd4 Nxb5+ 40.
Kc5 Nc3 41. Kd4 Nb5+ 42. Kc5 1/2-1/2

[Event "Magistral Vince Toth 4th"]
[Site "Rio de Janeiro"]
[Date "2002.08.07"]
[Round "2"]
[White "Di Berardino, Diego Rafael"]
[Black "Cubas, Jose Fernando"]
[Result "1/2-1/2"]
[WhiteElo "2252"]
[BlackElo "2370"]
[PlyCount "115"]
[EventDate "2002.08.06"]
[EventType "tourn"]
[EventRounds "11"]
[EventCountry "BRA"]
[EventCategory "4"]
[SourceTitle "CBM 089 Extra"]
[Source "ChessBase"]
[SourceDate "2002.09.10"]
[SourceVersion "2"]
[SourceVersionDate "2002.09.10"]
[SourceQuality "1"]

1. e4 d5 2. exd5 Nf6 3. Nf3 Nxd5 4. d4 Bf5 5. Nh4 Bc8 6. Nf3 g6 7. Be2 Bg7 8.
O-O O-O 9. h3 Nc6 10. c4 Nb6 11. Be3 f5 12. Qd2 f4 13. Bxf4 Nxd4 14. Nxd4 Qxd4
15. Qxd4 Bxd4 16. Bc1 Na4 17. Na3 c6 18. Nc2 Bg7 19. g4 Nxb2 20. a4 Be6 21.
Bxb2 Bxb2 22. Rab1 Be5 23. Rxb7 Rf7 24. Rd1 c5 25. Kg2 Raf8 26. f3 Rb8 27.
Rxb8+ Bxb8 28. Rb1 Rf8 29. Rb7 Kf7 30. Ne3 Rd8 31. Nd5 Bd7 32. a5 Kf8 33. Nc7
Kf7 34. Nd5 Ke6 35. a6 Kd6 36. Nc3 Ke6 37. Ne4 Bc6 38. Nxc5+ Ke5 39. Rb3 Rd2
40. Kf2 Bc7 41. Re3+ Kd6 42. Ne4+ Bxe4 43. Rxe4 Bb6+ 44. Kg3 Bc5 45. f4 e6 46.
Kh2 h6 47. h4 h5 48. g5 Rc2 49. Kg3 Rc3+ 50. Kg2 Rc2 51. Kf3 Ra2 52. Bd3 Rxa6
53. Re5 Ra3 54. Ke2 Ra2+ 55. Kf3 Ra3 56. Ke2 Ra2+ 57. Kf3 Ra3 58. Ke2 1/2-1/2

[Event "Magistral Vince Toth 4th"]
[Site "Rio de Janeiro"]
[Date "2002.08.08"]
[Round "3"]
[White "Cubas, Jose Fernando"]
[Black "De Asis Dirceu, Viana Jr"]
[Result "1-0"]
[WhiteElo "2370"]
[BlackElo "2273"]
[PlyCount "74"]
[EventDate "2002.08.06"]
[EventType "tourn"]
[EventRounds "11"]
[EventCountry "BRA"]
[EventCategory "4"]
[SourceTitle "CBM 089 Extra"]
[Source "ChessBase"]
[SourceDate "2002.09.10"]
[SourceVersion "2"]
[SourceVersionDate "2002.09.10"]
[SourceQuality "1"]

1. e4 g6 2. h4 d5 3. exd5 Nf6 4. Nc3 Bg7 5. Bb5+ c6 6. dxc6 Nxc6 7. Nge2 O-O 8.
d4 Bf5 9. O-O Qb6 10. Bxc6 bxc6 11. Na4 Qb5 12. Nc5 Rad8 13. a4 Qc4 14. c3 Bg4
15. f3 Bc8 16. Bf4 Ne8 17. b3 Qd5 18. Bb8 Qh5 19. Qe1 Qh6 20. Qc1 Qxh4 21. Qf4
Qxf4 22. Nxf4 e6 23. Bxa7 e5 24. Bb6 Rd6 25. Ne2 exd4 26. cxd4 Rxd4 27. Nxd4
Bxd4+ 28. Kh2 Bxa1 29. Rxa1 Nf6 30. a5 Nd5 31. Ra4 Re8 32. Ba7 Bf5 33. f4 Bc2
34. Rd4 Re2 35. Kg3 g5 36. Bb8 Kg7 37. fxg5 Bf5 1-0

[Event "Magistral Vince Toth 4th"]
[Site "Rio de Janeiro"]
[Date "2002.08.08"]
[Round "4"]
[White "Coelho, Luis Henrique"]
[Black "Cubas, Jose Fernando"]
[Result "1/2-1/2"]
[WhiteElo "2352"]
[BlackElo "2370"]
[PlyCount "83"]
[EventDate "2002.08.06"]
[EventType "tourn"]
[EventRounds "11"]
[EventCountry "BRA"]
[EventCategory "4"]
[SourceTitle "CBM 089 Extra"]
[Source "ChessBase"]
[SourceDate "2002.09.10"]
[SourceVersion "2"]
[SourceVersionDate "2002.09.10"]
[SourceQuality "1"]

1. e4 d5 2. exd5 Nf6 3. Nf3 Nxd5 4. d4 Bf5 5. Be2 e6 6. O-O Be7 7. a3 O-O 8. c4
Nb6 9. Nc3 Bf6 10. Be3 Nc6 11. Rc1 Qd7 12. b4 Rfd8 13. Qb3 Nxd4 14. Bxd4 Bxd4
15. Rcd1 e5 16. Nb5 Qe7 17. c5 Nd5 18. Nfxd4 exd4 19. Nxd4 Be4 20. Rfe1 Qf6 21.
Bf1 Bg6 22. Qc4 Bh5 23. Rd2 c6 24. b5 Nf4 25. bxc6 bxc6 26. Re3 h6 27. Nb3 Rxd2
28. Nxd2 Nd5 29. Re1 Rb8 30. Nb3 Rd8 31. Qd4 Bg6 32. g3 Qxd4 33. Nxd4 Ne7 34.
Nb3 Kf8 35. Bg2 Rd3 36. Na5 Rc3 37. Nxc6 Nxc6 38. Bxc6 f6 39. Rd1 Rxc5 40. Rd8+
Ke7 41. Rd7+ Kf8 42. Rd8+ 1/2-1/2

[Event "Magistral Vince Toth 4th"]
[Site "Rio de Janeiro"]
[Date "2002.08.09"]
[Round "5"]
[White "Cubas, Jose Fernando"]
[Black "De Souza, Mauro Guimaraes"]
[Result "1/2-1/2"]
[WhiteElo "2370"]
[BlackElo "2350"]
[PlyCount "82"]
[EventDate "2002.08.06"]
[EventType "tourn"]
[EventRounds "11"]
[EventCountry "BRA"]
[EventCategory "4"]
[SourceTitle "CBM 089 Extra"]
[Source "ChessBase"]
[SourceDate "2002.09.10"]
[SourceVersion "2"]
[SourceVersionDate "2002.09.10"]
[SourceQuality "1"]

1. e4 e5 2. d4 exd4 3. Qxd4 Nc6 4. Qe3 Nf6 5. Nc3 Be7 6. Qg3 O-O 7. Bh6 Ne8 8.
Nf3 d6 9. h4 Bf6 10. Bd2 Nd4 11. O-O-O Nxf3 12. gxf3 Be6 13. f4 Bxc3 14. Bxc3
f6 15. h5 h6 16. Bd3 Qe7 17. f5 Bf7 18. f4 Kh8 19. Rde1 Rg8 20. Qh4 Qd8 21. e5
fxe5 22. fxe5 Qxh4 23. Rxh4 dxe5 24. Rxe5 Rf8 25. Re7 Bg8 26. Rxg7 Nxg7 27. f6
Ne8 28. f7+ Ng7 29. Rg4 Rxf7 30. Rg6 Bh7 31. Rxh6 Rd8 32. Rxh7+ Kg8 33. Rh6 Rd6
34. Rxd6 cxd6 35. Bc4 Nxh5 36. Bb4 Kg7 37. Bxf7 Kxf7 38. Bxd6 Ke6 39. Bb8 a6
40. Kd2 Kd5 41. Kd3 b5 1/2-1/2

[Event "Magistral Vince Toth 4th"]
[Site "Rio de Janeiro"]
[Date "2002.08.10"]
[Round "6"]
[White "Toth, Peter"]
[Black "Cubas, Jose Fernando"]
[Result "0-1"]
[WhiteElo "2166"]
[BlackElo "2370"]
[PlyCount "105"]
[EventDate "2002.08.06"]
[EventType "tourn"]
[EventRounds "11"]
[EventCountry "BRA"]
[EventCategory "4"]
[SourceTitle "CBM 089 Extra"]
[Source "ChessBase"]
[SourceDate "2002.09.10"]
[SourceVersion "2"]
[SourceVersionDate "2002.09.10"]
[SourceQuality "1"]

1. d4 d5 2. c4 c6 3. e3 Nf6 4. Nf3 a6 5. Nc3 b5 6. cxd5 cxd5 7. Bd3 Bb7 8. O-O
e6 9. Ne5 Bd6 10. f4 O-O 11. Bd2 Ne4 12. Be1 f6 13. Nf3 b4 14. Ne2 Nd7 15. Qb3
Qe7 16. Bf2 Nb6 17. Rfc1 a5 18. a4 Rac8 19. Qd1 Nc4 20. Rab1 Bb8 21. b3 Ncd6
22. Rb2 Rxc1 23. Qxc1 e5 24. Be1 exf4 25. exf4 g5 26. h3 h5 27. fxg5 fxg5 28.
Bg3 g4 29. hxg4 hxg4 30. Ne5 Qg7 31. Rc2 Nf5 32. Bxe4 dxe4 33. Rc5 Ba6 34. Rc6
Bxe2 35. Rg6 Bxe5 36. Rxg7+ Bxg7 37. Be5 Bxe5 38. dxe5 e3 39. Qc6 Kg7 40. e6 g3
41. Qc7+ Kf6 42. e7 Nxe7 43. Qd6+ Kf7 44. Qxg3 Nf5 45. Qc7+ Kf6 46. Qc2 Bg4 47.
Qc6+ Kg5 48. Qc1 Rd8 49. Kh2 Rd2 50. Qc8 e2 51. Qg8+ Kf4 52. Qb8+ Rd6 53. Qe8
0-1